书目信息 |
| 题名: |
羊草种质资源研究
|
|
| 作者: | 刘公社 , 李晓峰 著 | |
| 分册: | ||
| 出版信息: | 北京 科学出版社 2011.05 |
|
| 页数: | 274页 | |
| 开本: | 25cm | |
| 丛书名: | 华夏英才基金学术文库 | |
| 单 册: | ||
| 中图分类: | S545.024 | |
| 科图分类: | ||
| 主题词: | 羊草--种质资源--研究 , 羊草 , 种质资源 | |
| 电子资源: | ||
| ISBN: | 978-7-03-030365-3 | |
| 000 | 01173oam2 2200301 450 | |
| 001 | 010020002096 | |
| 005 | 20140610104814.14 | |
| 010 | @a978-7-03-030365-3@b精装@dCNY70.00 | |
| 100 | @a20110615d2011 em y0chiy50 ea | |
| 101 | 0 | @achi |
| 102 | @aCN@b110000 | |
| 105 | @aafk z 000yy | |
| 106 | @ar | |
| 200 | 1 | @a羊草种质资源研究@9yang cao zhong zhi zi yuan yan jiu@f刘公社,李晓峰等著 |
| 210 | @a北京@c科学出版社@d2011.05 | |
| 215 | @a274页@c图,照片,图版(8页)@d25cm | |
| 225 | 2 | @a华夏英才基金学术文库 |
| 300 | @a本书由华夏英才出版基金、国家“973”项目、国家科技支撑项目、国家自然科学基金、中国科学院方向性项目等资助出版 | |
| 330 | @a本书作者在十多年科研工作积累的基础上,从微观生物学角度概括了羊草从野生资源收集过度到基因资源发掘的研究历程。内容包括:赖草属植物基因组的分子系统学、种质资源的大田评价和遗传多样性分析、羊草种质资源的AFLP分子标记评价等。 | |
| 461 | 0 | @12001 @a华夏英才基金学术文库 |
| 606 | 0 | @a羊草@x种质资源@x研究 |
| 606 | 0 | @a羊草 |
| 606 | 0 | @a种质资源 |
| 690 | @aS545.024@v4 | |
| 701 | 0 | @a刘公社@9liu gong she@4著 |
| 701 | 0 | @a李晓峰@9li xiao feng@4著 |
| 801 | 0 | @aCN@bRENTIAN@c20110615 |
| 905 | @b846332-34@dS545.024@e53@f3 | |
| 羊草种质资源研究/刘公社,李晓峰等著.-北京:科学出版社,2011.05 |
| 274页:图,照片,图版(8页);25cm.-(华夏英才基金学术文库) |
| 本书由华夏英才出版基金、国家“973”项目、国家科技支撑项目、国家自然科学基金、中国科学院方向性项目等资助出版 |
| ISBN 978-7-03-030365-3(精装):CNY70.00 |
| 本书作者在十多年科研工作积累的基础上,从微观生物学角度概括了羊草从野生资源收集过度到基因资源发掘的研究历程。内容包括:赖草属植物基因组的分子系统学、种质资源的大田评价和遗传多样性分析、羊草种质资源的AFLP分子标记评价等。 |
| ● |
| 相关链接 |
|
|
|
|
正题名:羊草种质资源研究
索取号:S545.024/53
 
预约/预借
| 序号 | 登录号 | 条形码 | 馆藏地/架位号 | 状态 | 备注 |
| 1 | 846332 | 208463321 | 第二样本阅览室/ [索取号:S545.024/53] | 在馆 | |
| 2 | 846333 | 208463330 | 第三借阅区/ [索取号:S545.024/53] | 在馆 | |
| 3 | 846334 | 208463349 | 第三借阅区/ [索取号:S545.024/53] | 在馆 |